Curso avançado de processo civil / (Record no. 1177)

MARC details
000 -LÍDER
Campo Fixo de Controle 01159nam a2200313 a 4500
001 - NÚMERO DE CONTROLE
Campo de Controle 1177
003 - IDENTIFICAÇÃO DO NÚMERO DE CONTROLE
Campo de Controle BR-CuiBMT
005 - DATA E HORA DA ÚLTIMA ATUALIZAÇÃO
Campo de Controle 20231130201707.0
008 - DADOS FIXOS
Dados Fixos 231124s2004 spb 000 0 por d
020 ## - INTERNATIONAL STANDARD BOOK NUMBER
Nº do ISBN 852032455 (v. 1)
040 ## - AGÊNCIA CATALOGADORA
Código da Agência Catalogadora BR-CuiBMT
Agência que transcreveu o registro BR-CuiBMT
080 ## - Nº DA CLASSIFICAÇÃO DECIMAL UNIVERSAL
Nº edição CDU 2007
Nº Class. CDU 347.91/.95
090 ## - NÚMERO DE CHAMADA
Nº classificação 347.91/.95
Cutter W243c
Ano/Edição 6. ed.
245 00 - TÍTULO PRINCIPAL
Título principal Curso avançado de processo civil /
Indicação de responsabilidade Luiz Rodrigues Wambier, Flávio Renato Correia de Almeida, Eduardo Talamini ; coordenação: Luiz Rodrigues Wambier.
250 ## - EDIÇÃO
Edição 6. ed., rev., atual. e ampl.
260 ## - PUBLICAÇÃO, DISTRIBUIÇÃO, ETC.
Local de publicação São Paulo :
Editora Revista dos Tribunais,
Data 2004.
300 ## - DESCRIÇÃO FÍSICA
N. páginas ou volumes v. ;
Dimensões 21 cm
504 ## - NOTA DE BIBLIOGRAFIA, ETC.
Nota de bibliografia Inclui bibliografia.
505 1# - NOTA DE CONTEÚDO
Nota de conteúdo v. 1. Teoria geral do processo e processo de conhecimento -- v. 2. Processo de execução.
590 ## - NOTA LOCAL
Nota local A Biblioteca possui o volume 1 e 2.
650 ## - ASSUNTO TÓPICO
Cabeçalho tópico ou nome geográfico Processo civil
Subdivisão geográfica Brasil
650 ## - ASSUNTO TÓPICO
Cabeçalho tópico ou nome geográfico Execução (Processo civil)
Subdivisão geográfica Brasil
650 ## - ASSUNTO TÓPICO
Cabeçalho tópico ou nome geográfico Direito civil
Subdivisão geográfica Brasil
650 ## - ASSUNTO TÓPICO
Cabeçalho tópico ou nome geográfico Sentença civil
Subdivisão geográfica Brasil
700 1# - ENTRADA SECUNDÁRIA -- NOME PESSOAL
Nome pessoal Wambier, Luiz Rodrigues
Cód. do termo explicativo coord.
700 1# - ENTRADA SECUNDÁRIA -- NOME PESSOAL
Nome pessoal Almeida, Flávio Renato Correia de
Termo de relação autor
700 1# - ENTRADA SECUNDÁRIA -- NOME PESSOAL
Nome pessoal Talamini, Eduardo
Termo de relação autor
942 ## - ELEMENTOS DE ENTRADA ADICIONAIS (KOHA)
Fonte de classificação ou esquema de arquivamento Classificação Decimal Universal
Tipo de item do Koha Livros
Holdings
Estado: removido Estado: perdido Fonte de classificação ou esquema de arquivamento Estado: danificado Indisponível para empréstimo Localização permanente Localização atual Data de aquisição Numeração serial ou cronológica (Volume) Total Checkouts Número de Chamada completo Código de barras Date last seen Número do exemplar Preço efetivo a partir de Tipo de item (Koha)
    Classificação Decimal Universal     Biblioteca da Escola Superior de Contas do TCE/MT Biblioteca da Escola Superior de Contas do TCE/MT 30/11/2023 v. 1   347.91/.95 W243c 6. ed. BIBTCEMT23111398 30/11/2023 Ex. 1 30/11/2023 Livros

Powered by Koha